00302pab a2200121 454500008004000000100002000040245003400060260000900094300001200103362001200115650003400127773001900161180718b1995 xxu||||| |||| 00| 0 eng d aTrivedi, Raj S. aTowards economic independence c1995 ap.55-56 aAug-Sep aSaving and investment - India aSocial Welfare